01199cam a22003257a 4500003000500000005001700005008004100022010001100063011001100074020001500085035001100100040000900111082001600120245007400136260004200210300003100252590004100283590004100324590004100365590004200406650003500448650004800483700003500531700003600566901000700602942001000609949008900619999001900708952014600727CHAP20220329143748.0110725s2006 us ab r 00010 eng d a101595 a102567 a0849336090 a113256 cCHAP10a551.48bW3103aWatershed modelsc/editado por Vijay P. Singh y Donald K. FrevertJohn aBoca Raton :bTaylor & Francis,c2006 axxiv, 653 p.bilus., mapas aBATCH-UPDb10c20130110lUCH01h1435 aBATCH-UPDb10c20130410lUCH01h0910 aBATCH-UPDb10c20130914lUCH01h1113 aCONVERSIONb10c20130109lUCH01h135614aCuencas hidrológicas.93009214aHidrologíaxModelos matemáticos.9552670 aSingh, Vijay P.e, ed.91066451 aFrevert, Donald Ke, ed.943257 aBK cLIBRO a551.48 W31bBCcLIBROd33724002246454eLIBROgI.258554h115323i113256sbt$2.397.03 c101595d101595 00102ddc4052708GRALaBCbBCcPA_GRALd2019-12-31eI.258554fLIBROl0o551.48 W31p33724002246454r2019-12-31 00:00:00w2019-12-31yLIBRO